[Event "Budapest-ch rap"]
[Site "Budapest"]
[Date "1996.??.??"]
[Round "?"]
[White "Adorjan, Andras"]
[Black "Balogh, Viktor"]
[Result "0-1"]
[WhiteElo "2415"]
[BlackElo "2525"]
[PlyCount "54"]
[EventDate "1996.??.??"]
[EventType "swiss"]
[EventRounds "7"]
[EventCountry "HUN"]
[SourceTitle "EXT 2006"]
[Source "ChessBase"]
[SourceDate "2005.11.24"]
[SourceVersion "1"]
[SourceVersionDate "2005.11.24"]
[SourceQuality "1"]

1. e4 c5 2. Nf3 d6 3. d4 Nf6 4. Nc3 cxd4 5. Nxd4 a6 6. Be2 e6 7. 0-0 Be7 8. f4 0-0 9. Qe1 Qc7 10. Qg3 b5 11. a3 Bb7 12. f5 e5 13. Bh6 Ne8 14. Bxg7 Nxg7 15. f6 Bxf6 16. Nf5 Kh8 17. Nh6 Qe7 18. Rf2 Bh4 19. Nxf7+ Rxf7 20. Rxf7 Qxf7 21. Qxh4 Nc6 22. Nd5 Nd4 23. Bd3 Bxd5 24. exd5 Nh5 25. c3 Nf3+ 26. gxf3 Qxf3 27. Bxh7 Kxh7 0-1

[Event "Budapest-ch rap"]
[Site "Budapest"]
[Date "1996.??.??"]
[Round "?"]
[White "Adorjan, Andras"]
[Black "Borocz, Istvan"]
[Result "0-1"]
[WhiteElo "2415"]
[BlackElo "2325"]
[PlyCount "59"]
[EventDate "1996.??.??"]
[EventType "swiss"]
[EventRounds "7"]
[EventCountry "HUN"]
[SourceTitle "EXT 2006"]
[Source "ChessBase"]
[SourceDate "2005.11.24"]
[SourceVersion "1"]
[SourceVersionDate "2005.11.24"]
[SourceQuality "1"]

1. e4 c5 2. Nf3 e6 3. d4 cxd4 4. Nxd4 Nf6 5. Nc3 Nc6 6. Ndb5 d6 7. Bf4 e5 8. Bg5 a6 9. Na3 b5 10. Bxf6 gxf6 11. Nd5 f5 12. c3 Bg7 13. exf5 Bxf5 14. Nc2 0-0 15. Nce3 Bd7 16. Bd3 f5 17. Qh5 e4 18. Bc2 Ne5 19. 0-0 Kh8 20. Rad1 Ra7 21. f3 exf3 22. gxf3 Be8 23. Qh3 Qg5+ 24. Kh1 Qh5 25. Bxf5 Qxh3 26. Bxh3 Nxf3 27. Bg4 Ne5 28. Be6 Bh5 29. Rxf8+ Bxf8 30. Rf1 0-1

[Event "Budapest-ch rap"]
[Site "Budapest"]
[Date "1996.??.??"]
[Round "?"]
[White "Adorjan, Andras"]
[Black "Czebe, Attila"]
[Result "1-0"]
[WhiteElo "2415"]
[BlackElo "2220"]
[PlyCount "51"]
[EventDate "1996.??.??"]
[EventType "swiss"]
[EventRounds "7"]
[EventCountry "HUN"]
[SourceTitle "EXT 2006"]
[Source "ChessBase"]
[SourceDate "2005.11.24"]
[SourceVersion "1"]
[SourceVersionDate "2005.11.24"]
[SourceQuality "1"]

1. e4 d6 2. d4 g6 3. Nc3 Bg7 4. f4 Nf6 5. Nf3 0-0 6. Bd3 Bg4 7. h3 Bxf3 8. Qxf3 e5 9. dxe5 dxe5 10. f5 Nc6 11. g4 Nd7 12. Be3 Nd4 13. Qf2 Nc5 14. 0-0-0 c6 15. g5 Re8 16. h4 b5 17. f6 Bf8 18. h5 Nxd3+ 19. Rxd3 b4 20. Ne2 Qa5 21. Kb1 Nxc2 22. hxg6 Na3+ 23. bxa3 bxa3 24. gxf7+ Kh8 25. Rxh7+ Kxh7 26. Qh4+ 1-0

[Event "HUN-chT 9596"]
[Site "Hungary"]
[Date "1996.??.??"]
[Round "13"]
[White "Adorjan, Andras"]
[Black "Portisch, Lajos"]
[Result "1/2-1/2"]
[WhiteElo "2530"]
[BlackElo "2585"]
[PlyCount "27"]
[EventDate "1995.??.??"]
[EventType "team"]
[EventRounds "13"]
[EventCountry "HUN"]
[SourceTitle "EXT 2000"]
[Source "ChessBase"]
[SourceDate "1999.11.16"]
[SourceVersion "1"]
[SourceVersionDate "1999.11.16"]
[SourceQuality "1"]

1. Nf3 c5 2. c4 Nf6 3. Nc3 e6 4. g3 b6 5. Bg2 Bb7 6. 0-0 Be7 7. d4 cxd4 8. Qxd4 d6 9. b3 0-0 10. Bb2 a6 11. Rfd1 Nbd7 12. Qe3 Qc7 13. Nd4 Bxg2 14. Kxg2 1/2-1/2